| 000 | 00762nmm a2200277 a 4500 | ||
|---|---|---|---|
| 003 | AR-BaBNM | ||
| 005 | 20251128211810.0 | ||
| 008 | 276020s2004 ||||||||||||||000 | spa|| | ||
| 020 | _a950-892-209-5 | ||
| 040 | _cAR-BaBNM | ||
| 100 | 1 | _aDurán, Diana | |
| 245 | 1 | 0 |
_aEducación geográfica _bcambios y continuidades |
| 250 | _a1ª ed. | ||
| 260 |
_aBuenos Aires _c2004 _bLugar Editorial |
||
| 300 | 0 | _a125 p. | |
| 504 | _aContiene referencias bibliográficas | ||
| 650 | 4 | _aENSENANZA DE LA GEOGRAFIA | |
| 650 | 4 | _aCURRICULO | |
| 650 | 4 | _aEDUCACION AMBIENTAL | |
| 653 | 0 | _aCONTENIDOS CURRICULARES | |
| 653 | 0 | _aEDUCACION GENERAL BASICA | |
| 653 | 0 | _aEDUCACION POLIMODAL | |
| 653 | 0 | _aNUEVAS TECNOLOGIAS | |
| 942 | _cBK | ||
| 998 | _cme-solo cat | ||
| 999 |
_c21171 _d21171 |
||